30 biggest European cities by letter (with a map) -A - Statistics

General Stats
  • This quiz has been taken 1,382 times
  • The average score is 15 of 30
Answers on the Map
Answers color-coded by a green-red scale on the quiz's map according to % correct below.
 
Answer Stats
Answer Population % Correct
Amsterdam 825 080
98%
Athens 665 000
97%
Antwerp 517 042
94%
Aberdeen 196 670
91%
Aarhus 264 716
84%
Alicante 330 525
76%
Aalborg 113 417
72%
Aachen 245 885
69%
A Coruña/La Coruña 243 978
67%
Augsburg 288 631
66%
Amiens 132 479
58%
Almería 194 515
54%
Angers 151 056
54%
Arkhangelsk 351 226
54%
Aix-en-Provence 142 149
45%
Albacete 172 426
40%
Arnhem 153 864
40%
Almere 198 315
38%
Algeciras 120 601
34%
Anderlecht 117 412
33%
Apeldoorn 159 041
33%
Amersfoort 153 615
32%
Arad 159 074
31%
Amadora 175 136
27%
Alcorcón 167 354
25%
Alcalá de Henares 195 907
24%
Almada 174 030
18%
Alcobendas 113 340
17%
Armavir 190 871
12%
Alchevsk 109 377
11%
No matching quizzes found
Score Distribution
Percent of People with Each Score
Percentile by Number Answered
Your Score History
You have not taken this quiz